000 00692nam a2200169Ia 4500
003 GCL
005 20240530105117.0
008 140319s9999 xx 000 0 ara d
040 _aGCL /
_cGCL
082 0 4 _a210.92
_bج ص
100 1 _aابن الجوزى : ابوالفرج جمال الدين عبدالرحمن بن على بن محمد بن على القرشى البغدادى
245 1 0 _aصفة الصفوة /
_cابن الجوزى : ابوالفرج جمال الدين عبدالرحمن بن على بن محمد بن على القرشى البغدادى
260 _a[S.N] :
_bدار الفكر ،
_c1992
300 _a334 ص
650 0 4 _aالديانات
942 _2ddc
_cBK
999 _c53236
_d53236